Normal view
MARC view
Entry Topical Term
001 - CONTROL NUMBER
- control field: 20396
003 - CONTROL NUMBER IDENTIFIER
- control field: ARRUPE
005 - DATE AND TIME OF LATEST TRANSACTION
- control field: 20151020155022.0
008 - FIXED-LENGTH DATA ELEMENTS
- fixed length control field: 151020|| aca||aabn | a|a d
040 ## - CATALOGING SOURCE
- Original cataloging agency: ARRUPE
- Transcribing agency: ARRUPE
150 ## - HEADING--TOPICAL TERM
- Topical term or geographic name as entry element: Bloomsbury group.
670 ## - SOURCE DATA FOUND
- Source citation: Work cat.: (ARRUPE)0: Edel, Leon, 1907-1997. 20395, Bloomsbury , 1981